La pródiga : novela /

Bibliographic Details
Main Author: Alarcón, Pedro Antonio de, 1833-1891
Format: Book
Language:Spanish
Published: Nueva York : D. Appleton y compan︢ia, [1882?]

MARC

Tag First Indicator Second Indicator Subfields
LEADER 00000cam a2200000Ii 4500
001 in00002394864
005 20151109062212.0
008 771026q1882 nyu 000 1 spa d
035 |a (OCoLC)ocm03369298 
035 |a (OCoLC)3369298 
040 |a MDY  |c MDY  |d TXA  |d UtOrBLW 
049 |a TXAM 
050 4 |a PQ6502  |b .P7 1882 
100 1 |a Alarcón, Pedro Antonio de,  |d 1833-1891. 
245 1 3 |a La pródiga :  |b novela /  |c por d. Pedro Antonio de Alarcón. 
264 1 |a Nueva York :  |b D. Appleton y compan︢ia,  |c [1882?] 
300 |a 250 pages ;  |c 18 cm. 
336 |a text  |b txt  |2 rdacontent 
337 |a unmediated  |b n  |2 rdamedia 
338 |a volume  |b nc  |2 rdacarrier 
948 |a cataloged  |b h  |c 2008/6/3  |d c  |e vilik  |f 9:32:40 am 
994 |a C0  |b TXA 
999 |a MARS 
999 f f |s 889e63a3-c802-3155-bd5a-aac6b7e0b2f2  |i 4e36fe04-3de0-3bc7-836f-bc084a1df73a  |t 0 
952 f f |p ric  |a Texas A&M University  |b Rellis Campus  |c Joint Library Facility  |d Remote Storage  |t 0  |e PQ6502 .P7 1882  |h Library of Congress classification  |i unmediated -- volume  |m A14837246804 
998 f f |a PQ6502 .P7 1882  |t 0  |l Remote Storage